Joint Parliamentary Memorandum on a Mixed Credit Facility Between the GOG and the African Development Bank for a Loan of UA26.69Million and Grant of UA23 Million to Finance the Rural Enterprises Programme (REP II) (Record no. 1913)

MARC details
000 -LEADER
fixed length control field 00718nam a2200145Ia 4500
008 - FIXED-LENGTH DATA ELEMENTS--GENERAL INFORMATION
fixed length control field 240429s9999||||xx |||||||||||||| ||und||
041 ## - LANGUAGE CODE
Language code of text/sound track or separate title eng
082 ## - DEWEY DECIMAL CLASSIFICATION NUMBER
Classification number PM/ADB/13
100 ## - MAIN ENTRY--PERSONAL NAME
Personal name Parliament of Ghana
245 #0 - TITLE STATEMENT
Title Joint Parliamentary Memorandum on a Mixed Credit Facility Between the GOG and the African Development Bank for a Loan of UA26.69Million and Grant of UA23 Million to Finance the Rural Enterprises Programme (REP II)
300 ## - PHYSICAL DESCRIPTION
Extent 42p;tab
650 ## - SUBJECT ADDED ENTRY--TOPICAL TERM
Topical term or geographic name entry element Joint Parliamentary Memorandum on a Mixed Credit Facility Between the GOG and the African - Development Bank for a Loan of UA26.69Million and Grant of UA23 Million to Finance the Rural Enterpr - ises Programme (REP II)
942 ## - ADDED ENTRY ELEMENTS (KOHA)
Koha item type Memorandum
Holdings
Withdrawn status Lost status Damaged status Not for loan Home library Current library Shelving location Date acquired Total checkouts Full call number Date last seen Copy number Price effective from Koha item type
        Main Library Main Library Open Shelves 01/12/2022   PM/ADB/13 3777 29/04/2024 1 29/04/2024 Memorandum
©2026  Parliament of Ghana Library - All rights reserved